Top 30 municipios más poblados de Navarra - Estadísticas

Estadísticas generales
  • Esta prueba ha sido intentada 37 veces
  • La puntuación promedio es 22 de 30
Respuestas en el mapa
Las respuestas están codificadas por una escala verde-roja en el mapa de la prueba según el % correcto abajo.
 
Estadísticas de respuestas
Población Respuesta % Correcto
208.243 Pamplona / Iruña
100%
7.850 Baztán
90%
38.441 Tudela / Tutera
90%
16.076 Zizur Mayor / Zizur Nagusia
90%
7.687 Alsasua / Altsasu
86%
14.377 Estella-Lizarra
86%
4.876 Sangüesa / Zangoza
86%
10.789 Tafalla
86%
22.438 Valle de Egüés / Eguesibar
86%
8.453 Valle de Elorz / Elortzibar
86%
10.616 Ansoáin / Antsoain
81%
19.539 Barañáin / Barañain
81%
11.140 Berriozar
81%
21.050 Burlada / Burlata
81%
4.097 Olite / Erriberri
81%
8.311 Cintruénigo
71%
7.728 Huarte / Uharte
71%
9.983 Villava / Atarrabia
71%
12.782 Aranguren
67%
8.642 Corella
67%
4.909 Lodosa
67%
5.989 Peralta / Azkoien
67%
6.492 San Adrián
67%
7.599 Berrioplano
62%
4.095 Orcoyen / Orkoien
62%
4.191 Beriáin
57%
4.118 Cascante
57%
4.477 Castejón
57%
4.421 Viana
57%
4.256 Murchante
48%
No se encontraron pruebas coincidentes
Distribución de puntuación
Porcentaje de gente con cada puntuación
Porcentaje por número respondido
Historial de tus puntuaciones
No has intentado esta prueba.